000 00303nam a22001337a 4500
008 181009b xxu||||| |||| 00| 0 eng d
020 _a9780721670065
041 _aeng
080 _22nd
_a610.73
100 _a2
101 _aINF
245 _aMedical-Surgical Nursing
_cMonahan,E.D
942 _2udc
_cBK
999 _c49105
_d49105